L' Astrologie scientifique à la portée de tous
Gespeichert in:
| 1. Verfasser: | |
|---|---|
| Format: | Buch |
| Sprache: | Französisch |
| Veröffentlicht: |
París
Bernard Grasset
1937
|
| Ausgabe: | 1a. ed |
| Schlagworte: | |
| Tags: |
Tag hinzufügen
Keine Tags, Fügen Sie den ersten Tag hinzu!
|
MARC
| LEADER | 00000nam a2200000 a 4500 | ||
|---|---|---|---|
| 001 | UCJ6345 | ||
| 003 | CL-VaPUC | ||
| 008 | 070124e19370521FR |||||||||||||||||fre|d | ||
| 082 | 0 | 4 | |a 133.5 |b PRI |2 21 |
| 100 | 0 | |a Privat, Maurice |e author |9 512893 | |
| 245 | 1 | 3 | |a L' Astrologie scientifique à la portée de tous |
| 250 | |a 1a. ed | ||
| 300 | |a 323 p | ||
| 942 | |c BK | ||
| 945 | |d 20070124 00:00:00 |a rinostro | ||
| 260 | |a París |b Bernard Grasset |c 1937 | ||
| 500 | |a Ilustraciones sin indizar, tablas astrológicas | ||
| 600 | 0 | |a Mussolini, Benito, |d 1883-1945 |9 315529 | |
| 650 | 0 | |a Astrología |9 265005 | |
| 650 | 0 | |a Astronomía |9 260985 | |
| 650 | 0 | |a Simbología |9 267342 | |
| 650 | 7 | |a TABLAS ASTROLOGICAS |2 CL-VaPUC |9 512894 | |
| 650 | 0 | |a Ilustraciones |9 369481 | |
| 583 | |a last modification |c 20190801 09:11:48 |k Rodrigo Vera | ||
| 999 | |c 322453 |d 322451 | ||
| 952 | |0 0 |1 0 |4 0 |6 133_500000000000000_PRI_1937 |7 0 |8 X |9 401449 |a FDOBUD |b FDOBUD |d 2019-11-22 |i 1046977 |o 133.5 PRI 1937 |p 1046977 |r 2019-11-22 |w 2019-11-22 |y BK_X |k BUD | ||